000 00850nam a2200253Ia 4500
003 OSt
005 20220923211107.0
006 a|||||r|||| 00| 0
007 ta
008 220922b |||||||| |||| 00| 0 hin d
020 _a817965091X (hbk)
_c300
024 _a235,246
037 _b299, 11/03/2008, Swaraj Prakashan
_cTextual
040 _aARTS
_cARTS
_bhin
041 _2hin
_ahin
082 _aP:795, 152P5
100 _aमान, नीलम
_9158137
245 0 _aअनुवाद का मानक स्वरूप
246 _aAnuvād kā mānak svarūpa
260 _aनई दिल्ली
_b तक्षशिला प्रकाशन
_c2005
300 _a200पृ.
_ccm.
942 _hP:795, 152P5
_cTEXL
_2CC
999 _c295132
_d295132